Countries of the World Quiz - Broken Edition - Statistics

General Stats
  • This quiz has been taken 94 times
    55 since last reset
  • The average score is 136 of 196
Answers on the Map
Answers color-coded by a green-red scale on the quiz's map according to % correct below.
 
Answer Stats
Hint Hint Country % Correct
378.2 234.5 Senegal
93%
597 188.5 Dominican Republic
86%
583 181.8 Norway
83%
459.1 282.5 Bangladesh
81%
363 82.5 Cuba
81%
385.7 225 Honduras
81%
248.9 339.7 Serbia
81%
419.3 172.9 Yemen
81%
21 272 Chad
79%
447.8 272.6 Lithuania
79%
616 219.1 Montenegro
79%
444.4 102 São Tomé and Príncipe
79%
397.2 114.5 Tunisia
79%
545.9 248.9 Ethiopia
76%
513 130.6 Ghana
76%
377 219 Mozambique
76%
359.2 239.6 Oman
76%
232 235 Portugal
76%
206 200.2 Russia
76%
510.1 329.1 Saint Lucia
76%
177.4 210 Argentina
74%
466.3 209.2 Barbados
74%
421 113 Cameroon
74%
401.7 57 Canada
74%
401 148 Central African Republic
74%
423.7 117.8 Costa Rica
74%
657 220.6 Dominica
74%
143 66 Finland
74%
407 247 Italy
74%
184.5 210.7 Kenya
74%
760.6 232.2 Libya
74%
384.2 167.2 Liechtenstein
74%
427.6 239 Mali
74%
242.4 209.5 Moldova
74%
406.5 264 Netherlands
74%
420 301.2 New Zealand
74%
437.8 117.9 Nigeria
74%
414.3 60.5 Philippines
74%
354 195.5 San Marino
74%
535.7 164.2 South Korea
74%
756.2 263.4 Spain
74%
434.3 76.3 Sri Lanka
74%
398.4 103.5 Taiwan
74%
429.5 121.7 United States
74%
479 120 Vanuatu
74%
151 182 Andorra
71%
403.3 203.9 Angola
71%
393 86.9 Austria
71%
447.8 267.7 Bahrain
71%
548 122 Bolivia
71%
398 230.8 Brazil
71%
453.1 256.6 Bulgaria
71%
450.6 96 Colombia
71%
416.4 124.2 Denmark
71%
664.3 290.8 East Timor
71%
408.5 113.9 Egypt
71%
394.3 94.2 Fiji
71%
341 43 Gabon
71%
804.5 282.8 Guinea
71%
366 153.5 Guinea-Bissau
71%
802.8 307.7 Iceland
71%
391 91 India
71%
241.6 220.6 Iraq
71%
545.2 133.5 Kuwait
71%
418 328 Kyrgyzstan
71%
353.3 224.2 Malta
71%
502 182.5 Marshall Islands
71%
482.1 179.9 Mauritania
71%
479.4 301.4 Monaco
71%
505.5 277 Namibia
71%
422.6 209.4 Niger
71%
798.1 328.7 North Korea
71%
424.4 103.1 Palau
71%
433 267.2 Paraguay
71%
198 232.5 Poland
71%
562 235.3 Qatar
71%
427.5 118.5 Samoa
71%
495.7 176.2 Saudi Arabia
71%
448.5 209.5 Sierra Leone
71%
462.3 158.9 Slovakia
71%
486 324.3 Solomon Islands
71%
386 105 South Africa
71%
242.7 216.8 Switzerland
71%
577 52 Syria
71%
344 216 Togo
71%
755.5 318.6 Uganda
71%
243.2 214.6 Ukraine
71%
665.7 127 Uzbekistan
71%
248 242 Zambia
71%
509.33 187.2 Zimbabwe
71%
236 319 Afghanistan
69%
444 360.5 Azerbaijan
69%
404 89.9 Bhutan
69%
476.4 221.6 Bosnia and Herzegovina
69%
488 230 Burkina Faso
69%
460.3 130.6 Chile
69%
782.9 320.1 China
69%
610.3 247.2 Cote d'Ivoire
69%
569.8 166.5 Djibouti
69%
404 255.8 Ecuador
69%
614.2 256.7 Eritrea
69%
401.5 73.5 Estonia
69%
447 171.3 France
69%
693.3 140 Gambia
69%
528 149.2 Israel
69%
487.6 125 Kazakhstan
69%
461.7 146.8 Kosovo
69%
427.6 113 Malaysia
69%
443.4 81.2 Maldives
69%
423 98 Mauritius
69%
449.6 239.5 Papua New Guinea
69%
384 118.7 Rwanda
69%
470 234.2 Sudan
69%
204 265.5 Suriname
69%
436.7 107.1 Sweden
69%
480.5 125 Tajikistan
69%
242.5 226.6 Thailand
69%
254.9 370.2 Trinidad and Tobago
69%
216.3 247.5 Turkmenistan
69%
221 197 Tuvalu
69%
455.3 143.7 Venezuela
69%
206 190.2 Vietnam
69%
459 157 Albania
67%
209 180.9 Armenia
67%
669 139 Bahamas
67%
652.9 182.1 Belgium
67%
354 232.9 Belize
67%
680.5 241.3 Brunei
67%
438 310 Cambodia
67%
438 70.6 Cape Verde
67%
703.7 282.4 Comoros
67%
465.8 259.9 Cyprus
67%
624.3 219.9 Czech Republic
67%
439 64.8 Democratic Republic of the Congo
67%
347 212 Equatorial Guinea
67%
413 106.5 Federated States of Micronesia
67%
377 86 Georgia
67%
776.7 391.9 Germany
67%
430 129 Greece
67%
478.8 149.9 Guatemala
67%
423.6 87.1 Ireland
67%
488.3 208.2 Liberia
67%
208 292 Madagascar
67%
467 143 Mongolia
67%
435 336.1 Morocco
67%
180.4 215 Nepal
67%
192 228 Nicaragua
67%
467 309.5 Pakistan
67%
717.7 235.2 Romania
67%
414 93.8 Saint Vincent and the Grenadines
67%
447 325 Singapore
67%
266 294 Slovenia
67%
614.2 104.1 Somalia
67%
635.5 264 South Sudan
67%
425.5 124 Swaziland
67%
326.7 206.9 United Arab Emirates
67%
361.7 127.6 Uruguay
67%
254.4 248.1 Algeria
64%
414.2 100.9 Australia
64%
533 100 Burundi
64%
456 307 Croatia
64%
584.1 169.4 Grenada
64%
180.9 203.6 Haiti
64%
437 52 Indonesia
64%
525 122.5 Iran
64%
395.5 260.6 Jordan
64%
451.3 350.1 Lebanon
64%
412.9 141.1 Lesotho
64%
377 202.2 Macedonia
64%
556 185.9 Panama
64%
218 196 Saint Kitts and Nevis
64%
383 232.4 Tonga
64%
368 235.9 Turkey
64%
610.3 194.9 United Kingdom
64%
494.3 174 Vatican City
64%
402 103.1 Antigua and Barbuda
62%
188.2 218.1 Belarus
62%
638.6 246.1 El Salvador
62%
418 108 Guyana
62%
615 140.9 Hungary
62%
608 207.9 Jamaica
62%
416.9 260.5 Japan
62%
431 365 Kiribati
62%
347.7 220.3 Latvia
62%
234 373 Mexico
62%
501.3 152.5 Myanmar
62%
408.5 120.7 Nauru
62%
239.4 203.4 Peru
62%
742.1 295 Seychelles
62%
372 127.5 Benin
60%
153 129 Malawi
60%
218 384 Republic of the Congo
60%
487 162.9 Luxembourg
57%
683 342 Botswana
55%
246.5 217 Laos
55%
241.4 204 Tanzania
52%
No matching quizzes found
Score Distribution
Percent of People with Each Score
Percentile by Number Answered
Your Score History
You have not taken this quiz since the last reset